10 Random Numbers 1-100 - Blind Ranking - Statistics

General Stats
  • This quiz has been taken 400,512 times
  • The average score is 5 of 10
Answers on the Map
Answers color-coded by a green-red scale on the quiz's map according to % correct below.
 
Answer Stats
Number % Correct
10
56%
11
55%
13
55%
14
55%
15
55%
16
55%
17
55%
20
55%
21
55%
28
55%
39
55%
5
55%
7
55%
8
55%
9
55%
12
54%
22
54%
26
54%
31
54%
34
54%
35
54%
37
54%
4
54%
56
54%
6
54%
85
54%
18
53%
19
53%
23
53%
24
53%
25
53%
29
53%
3
53%
32
53%
36
53%
41
53%
42
53%
46
53%
50
53%
52
53%
55
53%
59
53%
61
53%
64
53%
65
53%
68
53%
69
53%
71
53%
73
53%
74
53%
76
53%
77
53%
80
53%
87
53%
88
53%
2
52%
27
52%
30
52%
33
52%
38
52%
40
52%
43
52%
44
52%
48
52%
49
52%
51
52%
54
52%
57
52%
58
52%
60
52%
62
52%
63
52%
66
52%
78
52%
79
52%
82
52%
86
52%
92
52%
45
51%
47
51%
53
51%
67
51%
70
51%
72
51%
75
51%
81
51%
84
51%
89
51%
91
51%
93
51%
1
50%
83
50%
90
50%
95
49%
94
48%
96
48%
97
47%
98
46%
99
46%
100
44%
No matching quizzes found
Score Distribution
Percent of People with Each Score
Percentile by Number Answered
Your Score History
You have not taken this quiz